Hướng dẫn chia động từ tiếng Pháp
Nội dung sách có hai phần: Phần 1: tổng quát về ngữ pháp của động từ, phần 2: cách chia động từ mẫu trong 3 nhóm động từ.
সংরক্ষণ করুন:
| প্রধান লেখক: | |
|---|---|
| বিন্যাস: | গ্রন্থ |
| ভাষা: | Undetermined |
| প্রকাশিত: |
Đà Nẳng
Nhà xuất bản Đà Nẳng
2006
|
| বিষয়গুলি: | |
| ট্যাগগুলো: |
ট্যাগ যুক্ত করুন
কোনো ট্যাগ নেই, প্রথমজন হিসাবে ট্যাগ করুন!
|
| Thư viện lưu trữ: | Trung tâm Học liệu Trường Đại học Cần Thơ |
|---|
| LEADER | 00800nam a2200217Ia 4500 | ||
|---|---|---|---|
| 001 | CTU_123623 | ||
| 008 | 210402s9999 xx 000 0 und d | ||
| 020 | |c 15000 | ||
| 082 | |a 445 | ||
| 082 | |b Y603 | ||
| 100 | |a Trần, Thị Yến | ||
| 245 | 0 | |a Hướng dẫn chia động từ tiếng Pháp | |
| 245 | 0 | |c Trần Thị Yến | |
| 260 | |a Đà Nẳng | ||
| 260 | |b Nhà xuất bản Đà Nẳng | ||
| 260 | |c 2006 | ||
| 520 | |a Nội dung sách có hai phần: Phần 1: tổng quát về ngữ pháp của động từ, phần 2: cách chia động từ mẫu trong 3 nhóm động từ. | ||
| 650 | |a French language | ||
| 650 | |x Grammar | ||
| 904 | |i Tuyến | ||
| 980 | |a Trung tâm Học liệu Trường Đại học Cần Thơ | ||